Classificació d'enregistraments sonors / traducció i adaptació catalana a cura de Concepció Carreras i Fontseré
ISBN:
84-7794-067-3
Descripción Física:
2 v. : text i taules ; 21 cm
Materias:
Classificació -- Enregistraments sonors
MARC
| LEADER | 00000nam a2200000Ia 4500 | ||
|---|---|---|---|
| 001 | 8813, 8814 | ||
| 008 | 160829s1989 xx 000 0 cat d | ||
| 020 | |a 84-7794-067-3 | ||
| 080 | |a FU-9-30, FU-9-31 | ||
| 100 | |a Carreras, Concepció |9 31855 | ||
| 245 | |a Classificació d'enregistraments sonors / traducció i adaptació catalana a cura de Concepció Carreras i Fontseré | ||
| 260 | |a Barcelona : |b Diputació de Barcelona. Xarxa de Biblioteques Populars, |c 1989 | ||
| 300 | |a 2 v. : |b text i taules ; |c 21 cm | ||
| 650 | |a Classificació |x Enregistraments sonors |9 31856 | ||
| 710 | 1 | |a Barcelona (Catalunya : Província). |b Xarxa de Biblioteques Populars |9 53849 | |
| 901 | |a Arxiu | ||
| 942 | |n 1 | ||
| 952 | |0 0 |1 0 |4 0 |6 FU930_FU931 |7 1 |9 45778 |a Arxiu |b Arxiu |d 2016-12-01 |l 0 |o FU-9-30, FU-9-31 |p 8813, 8814 |r 2016-12-01 00:00:00 |w 2016-12-01 |y ARXIU | ||
| 999 | |c 49278 |d 49278 | ||